[Event "Olympiad Women 2024"]
[Site "Budapest HUN"]
[Date "2024.09.15"]
[Round "5.61"]
[Board "1"]
[White "Ruddy, Rachel"]
[Black "Nahed Galab"]
[Result "1/2-1/2"]
[WhiteElo "1662"]
[BlackElo "1693"]
[PlyCount "110"]
[EventDate "2024.09.11"]
[WhiteTeam "Jersey"]
[BlackTeam "Sudan"]
[BlackTeamCountry "SUD"]

1. Nf3 c5 2. g3 Nf6 3. Bg2 g6 4. d3 Bg7 5. Nc3 Nc6 6. e4 d6 7. Bg5 O-O 8. O-O a6 ({RR} 8... Rb8 9. a4 a6 10. Qd2 b5 11. axb5 axb5 12. Bh6 Bg4 13. Bxg7 Kxg7 14. Nh4 b4 15. Nd1 Bxd1 16. Raxd1 e5 17. f4 exf4 18. gxf4 Nh5 19. Qe1 Nd4 20. Rd2 f5 21. c3 bxc3 22. bxc3 Ne6 23. exf5 {½-½ Milos,G (2555)-Vescovi,G (2480) Jogos Abertos do Interior 1998}) 9. a4 Be6 $146 ({RR} 9... Bg4 10. Qd2 Rc8 11. h3 Be6 12. Kh2 Qa5 13. Nh4 Nd7 14. Bh6 Nd4 15. Bxg7 Kxg7 16. f4 Nb8 17. Qf2 Qd8 18. f5 Bd7 19. Nd5 e6 20. f6+ Kh8 21. Ne7 Rc7 22. Qf4 e5 23. Qh6 Ne6 24. Nf3 {1-0 Albertovic,L-Nepomucky,O Moravia-ch op 1996}) ({RR} 9... Bg4 10. h3 Bd7 11. Nd5 Nxd5 12. exd5 Nb4 13. c3 Nxd5 14. d4 h6 15. Bh4 g5 16. c4 Nf6 17. Bxg5 hxg5 18. Nxg5 Bf5 19. Bxb7 Rb8 20. Bg2 Rxb2 21. g4 Bg6 22. dxc5 dxc5 23. f4 Qd4+ 24. Qxd4 {0-1 PVN,P-Payne,M World Corporate East C rapid 2021 (5.13)}) 10. Re1 Qc7 11. Qd2 Rab8 12. Bh6 b5 13. axb5 axb5 14. Bxg7 Kxg7 15. d4 cxd4 16. Nxd4 Nxd4 17. Qxd4 Kg8 18. Ra7 Qc4 19. Qd2 Rfe8 20. Nd5 Bxd5 21. exd5 e6 22. dxe6 Rxe6 23. Rxe6 Qxe6 24. b3 d5 25. Qf4 Rc8 26. Ra2 Qe1+ 27. Bf1 Ne4 28. Kg2 b4 29. Bd3 h5 30. Ra7 Rf8 31. Re7 Qc3 32. Bxe4 dxe4 33. Qxe4 Rc8 34. Qf4 Qc6+ 35. Kg1 Qd5 36. Qxb4 Rxc2 37. Re8+ Kh7 38. h4 Rc1+ 39. Re1 Rxe1+ 40. Qxe1 Qxb3 41. Qe3 Qb7 42. Qf4 Kg7 43. Qe5+ Kg8 44. Kf1 Qd7 45. Ke2 Qg4+ 46. Ke3 Qd1 47. Qf4 Qb3+ 48. Ke4 Qe6+ 49. Kf3 Qc6+ 50. Qe4 Qf6+ 51. Qf4 Qc6+ 52. Qe4 Qf6+ 53. Kg2 Qb6 54. Qe8+ Kg7 55. Qe5+ Kg8 1/2-1/2

[Event "Olympiad Women 2024"]
[Site "Budapest HUN"]
[Date "2024.09.15"]
[Round "5.61"]
[Board "2"]
[White "Ibtihal Osman"]
[Black "Ashbrooke, Monika"]
[Result "1-0"]
[WhiteElo "1626"]
[BlackElo "1650"]
[PlyCount "73"]
[EventDate "2024.09.11"]
[WhiteTeam "Sudan"]
[BlackTeam "Jersey"]
[WhiteTeamCountry "SUD"]

1. e4 e6 2. Nf3 d5 3. exd5 exd5 4. d4 Bd6 5. Be3 Ne7 6. Bd3 Nbc6 ({RR} 6... Bg4 7. h3 Bh5 8. Nc3 c6 9. g4 Bg6 10. Ne2 Qb6 11. b3 Nd7 12. Bf4 Ba3 13. Rb1 O-O 14. O-O c5 15. Bc1 Bxc1 16. Rxc1 Be4 17. Bxe4 dxe4 18. dxc5 Nxc5 19. Ne5 Rad8 20. Qe1 Nd5 21. Nc3 {0-1 Teuchert,S (1943)-Graf,A (2621) Dresden ZMD op 2008 (1)}) 7. h3 ({RR} 7. c3 Be6 8. Nbd2 Qd7 9. Qe2 f6 10. h3 Bf5 11. Bxf5 Qxf5 12. Nb3 O-O 13. O-O b6 14. Rad1 Ng6 15. Qd3 Qxd3 16. Rxd3 Rfe8 17. Re1 Kf7 18. Rdd1 Re6 19. g3 Rae8 20. Nbd2 Bxg3 21. fxg3 Rxe3 {0-1 Costa,G (1551)-Matos,J (1763) Maia Chess Open 2024 (5.24)}) 7... a6 $146 ({RR} 7... Bf5 8. Be2 Qd7 9. c3 f6 10. Nh4 Be6 11. Bd3 O-O-O 12. Nd2 g5 13. Nhf3 Nf5 14. Qe2 Rde8 15. O-O-O Nce7 16. g4 Nxe3 17. fxe3 h5 18. gxh5 Bxh3 19. Ng1 Bg4 20. Ndf3 Rxh5 21. Rxh5 Bxh5 22. Qg2 {0-1 Rakic,N (1675)-Tosic,S (2404) Paracin-ch 2013 (1)}) 8. c3 Bf5 9. O-O Qd7 10. Re1 O-O-O 11. b4 f6 12. a4 g5 13. b5 Nb8 14. bxa6 bxa6 15. Qc2 h5 16. Nh2 g4 17. h4 g3 18. fxg3 Bxg3 19. Bf2 Rhg8 20. Nf1 Bd6 21. Nbd2 Bh3 22. g3 Qg4 23. Kh1 Rg7 24. Ne3 Qd7 25. Kh2 Rdg8 26. Rg1 Kd8 27. Rab1 Nbc6 28. Bxa6 Nf5 29. Nxf5 Bxf5 30. Bd3 Bxd3 31. Qxd3 Qg4 32. Nf3 f5 33. Ne5 Bxe5 34. dxe5 Nxe5 35. Qxd5+ Nd7 36. Rb8+ Ke7 37. Re1+ 1-0

[Event "Olympiad Women 2024"]
[Site "Budapest HUN"]
[Date "2024.09.15"]
[Round "5.62"]
[Board "1"]
[White "Sosna Mehari Abraham"]
[Black "Haile, Lidet"]
[Result "0-1"]
[WhiteElo "1541"]
[BlackElo "1834"]
[PlyCount "80"]
[EventDate "2024.09.11"]
[WhiteTeam "Eritrea"]
[BlackTeam "Ethiopia"]
[WhiteTeamCountry "ERI"]
[BlackTeamCountry "ETH"]

1. Nf3 d5 2. d4 Nf6 3. c3 Bg4 4. Qb3 Qc8 5. Bf4 ({RR} 5. Ne5 Bf5 6. Bf4 e6 7. h3 Nbd7 8. e3 Nxe5 9. Bxe5 Nd7 10. Bg3 Bd6 11. Bxd6 cxd6 12. Nd2 O-O 13. Be2 a6 14. a4 Qc7 15. a5 h6 16. O-O Nf6 17. Rfc1 Rfc8 18. c4 Ne4 19. Qb4 Nxd2 {0-1 Le,Q (2709)-Gukesh,D (2621) Tata Steel India Blitz 2021 (11)}) 5... e6 6. Nbd2 Nbd7 ({RR} 6... Bd6 7. e3 O-O 8. Bd3 Bxf4 9. exf4 c5 10. dxc5 Nbd7 11. O-O Nxc5 12. Qc2 Nxd3 13. Qxd3 Qc7 14. Ne5 Bf5 15. Qe2 Ne4 16. Nxe4 Bxe4 17. f3 Bg6 18. g3 Rfe8 19. Rfd1 f6 20. Nxg6 hxg6 21. Qd3 {1-0 Koc,P (2346)-Kuchava,A (2101) Titled Tue 7th May Early 2024 (5)}) 7. h3 $146 ({RR} 7. e3 Be7 8. Ne5 Bf5 9. Nxd7 Nxd7 10. c4 c6 11. Bd3 Bxd3 12. Qxd3 Nf6 13. h3 O-O 14. O-O Qd7 15. c5 Rae8 16. b4 a6 17. a4 Ra8 18. Rfb1 Bd8 19. Bd6 Re8 20. b5 axb5 21. axb5 Bc7 {½-½ Pendlebury,I-Tolan,J ENG Civil Service-ch 10th 2000 (5)}) ({RR} 7. e3 c5 8. Be2 Be7 9. O-O Ne4 10. Rfe1 c4 11. Qc2 Bf5 12. Nxe4 Bxe4 13. Qc1 O-O 14. Nd2 Bg6 15. f3 Qc6 16. e4 b5 17. e5 Rfc8 18. Bd1 b4 19. Bc2 Rab8 20. Rb1 Qa6 21. Bxg6 hxg6 {0-1 Diniz Lopez,S (1453)-Fernandez Lopez,P (1872) Galicia-ch U14 2020 (8)}) 7... Bf5 8. e3 Be7 9. Be2 h6 10. Bh2 b6 11. Bb5 c6 12. Be2 Qb7 13. Ne5 Nxe5 14. Bxe5 O-O 15. O-O Nd7 16. Bh2 c5 17. a4 c4 18. Qd1 Rfe8 19. b3 cxb3 20. Qxb3 a6 21. a5 b5 22. Rfc1 Qa7 23. Nf3 Rac8 24. Qd1 Nf6 25. Bd3 Bxd3 26. Qxd3 Ne4 27. Ne5 Bd6 28. f3 Nf6 29. Kh1 Qc7 30. g4 Nh7 31. f4 Nf6 32. Ra2 Ne4 33. Nf3 Qc4 34. Qxc4 Rxc4 35. Ne5 Bxe5 36. fxe5 Nxc3 37. Rac2 Rec8 38. Bg1 Ne4 39. Rxc4 Rxc4 40. Rxc4 bxc4 0-1

[Event "Olympiad Women 2024"]
[Site "Budapest HUN"]
[Date "2024.09.15"]
[Round "5.62"]
[Board "2"]
[White "Bantiwalu, Aster"]
[Black "Besrat Mesgena Yoseph"]
[Result "1-0"]
[WhiteElo "1704"]
[BlackElo "1557"]
[PlyCount "109"]
[EventDate "2024.09.11"]
[WhiteTeam "Ethiopia"]
[BlackTeam "Eritrea"]
[WhiteTeamCountry "ETH"]
[BlackTeamCountry "ERI"]

1. e4 e5 2. Nf3 Nc6 3. Bc4 Nf6 4. Nc3 Bc5 5. d3 O-O 6. Bg5 h6 7. Bh4 Be7 8. O-O Nxe4 9. Bxe7 Nxc3 10. Bxd8 Nxd1 11. Bxc7 Nxb2 12. Bb3 b5 13. Bd5 $146 ({RR} 13. Nxe5 Nxe5 14. Bxe5 Na4 15. Bd5 Ba6 16. Bxa8 Rxa8 17. Bd4 Rc8 18. Rfc1 Rc7 19. Rab1 Nc5 20. Bxc5 Rxc5 {1-0 Fershtman,P-Zavgorodniaya,A St Petersburg-ch U18 Girls 2007 (8)}) 13... a6 14. Nxe5 Bb7 15. Nxd7 Rfc8 16. Nc5 Rxc7 17. Nxb7 Re8 18. Rfe1 Rxe1+ 19. Rxe1 Nb4 20. Re8+ Kh7 21. Be4+ g6 22. a3 Rxc2 23. g3 N4xd3 24. Ra8 f5 25. Bxd3 Nxd3 26. Rxa6 g5 27. Nd6 g4 28. Kf1 Rxf2+ 29. Kg1 Rb2 30. Nxf5 h5 31. Rh6+ Kg8 32. Rxh5 Kf7 33. Nd6+ Kg6 34. Rxb5 Rxb5 35. Nxb5 Nc5 36. Kf2 Kf5 37. Ke3 Ke5 38. Nc3 Nb3 39. a4 Na5 40. Kd3 Kf5 41. Kd4 Nc6+ 42. Kc5 Nb8 43. a5 Ke5 44. Nd5 Ke4 45. Nf6+ Kf3 46. Kb6 Kg2 47. Nxg4 Nd7+ 48. Kc6 Nb8+ 49. Kb7 Nd7 50. a6 Nc5+ 51. Kb6 Nxa6 52. Kxa6 Kh3 53. Nf6 Kxh2 54. g4 Kg3 55. g5 1-0

[Event "Olympiad Women 2024"]
[Site "Budapest HUN"]
[Date "2024.09.15"]
[Round "5.62"]
[Board "3"]
[White "Elshalom Essayas Berhane"]
[Black "Abera, Mekdes Demssie"]
[Result "1/2-1/2"]
[WhiteElo "1659"]
[BlackElo "1593"]
[PlyCount "98"]
[EventDate "2024.09.11"]
[WhiteTeam "Eritrea"]
[BlackTeam "Ethiopia"]
[WhiteTeamCountry "ERI"]
[BlackTeamCountry "ETH"]

1. e4 c5 2. Nc3 d6 3. f4 Nc6 4. Bb5 Bd7 5. Bxc6 Bxc6 6. Nf3 e6 7. d3 g6 8. O-O Bg7 9. f5 Nf6 ({RR} 9... Qd7 10. Qe1 O-O-O 11. fxe6 fxe6 12. Qg3 Nf6 13. Be3 e5 14. Nd2 Rdf8 15. Nc4 Nh5 16. Qh4 Bf6 17. Qe1 Nf4 18. a4 Qg4 19. Qg3 Qe6 20. Bxf4 exf4 21. Rxf4 Bd4+ 22. Kh1 Rxf4 23. Qxf4 Bxc3 24. bxc3 {1-0 Jovanovic,Z (2581)-Jakic,I (2398) Zadar op-A 18th 2011 (1)}) 10. Qe1 e5 ({RR} 10... h6 11. fxg6 fxg6 12. Nh4 g5 13. Ng6 Rg8 14. e5 dxe5 15. Nxe5 Qc7 16. a4 O-O-O 17. Nb5 Bxb5 18. axb5 Nd5 19. Nf7 Rde8 20. Rxa7 Rgf8 21. Ra8+ Kd7 22. Rxe8 Rxe8 23. Bxg5 hxg5 24. Nxg5 Bd4+ 25. Kh1 {½-½ Bueno,A (2140)-Fiorito,J (2409) Titled Tue 19th Mar Early 2024 (2)}) 11. Bg5 $146 ({RR} 11. Qh4 Qe7 12. g4 h6 13. fxg6 fxg6 14. Qg3 O-O-O 15. Nh4 Qe6 16. h3 d5 17. Nxg6 Rhe8 18. Nh4 dxe4 19. Nf5 Bf8 20. dxe4 Nxe4 21. Nxe4 Bxe4 22. Qf2 Bc6 23. Be3 b6 24. Kh2 Rd7 25. a4 a5 {½-½ Barle,J (2382)-Tratatovici,M (2279) EU-ch Seniors 12th 2012 (5)}) ({RR} 11. fxg6 fxg6 12. Bg5 O-O 13. Nd2 Qd7 14. Nc4 Rf7 15. Qe2 Raf8 16. Rf2 Ne8 17. Rxf7 Rxf7 18. Rf1 Rxf1+ 19. Kxf1 Nc7 20. Ne3 d5 21. exd5 Nxd5 22. Nexd5 Bxd5 23. Nxd5 Qxd5 24. c4 Qf7+ 25. Ke1 Qf5 {1-0 Mazzini,M (2191)-Esposti,F (2063) Mare di Fano op 5th 2016 (8)}) 11... gxf5 12. exf5 Qd7 13. Nd2 h6 14. Bh4 O-O-O 15. Nde4 Rdg8 16. Nxf6 Bxf6 17. Ne4 Bxe4 18. dxe4 Bg5 19. Bf2 Rg7 20. Rd1 b6 21. Bg3 Bf6 22. Rf2 Rd8 23. Rfd2 Qc6 24. Qe2 Kc7 25. Rd5 b5 26. c4 a6 27. Qd3 Rgg8 28. Be1 b4 29. a3 a5 30. a4 Be7 31. b3 f6 32. Qh3 Rh8 33. Qh5 Qe8 34. Qxe8 Rdxe8 35. Bf2 Rhg8 36. h3 Rg7 37. Kh2 Reg8 38. Rg1 h5 39. Rd3 Rg5 40. Rg3 Kd7 41. Rd1 Ke8 42. Rdd3 Kf7 43. Rdf3 h4 44. Rxg5 fxg5 45. g4 hxg3+ 46. Rxg3 Bf6 47. Rg4 Rh8 48. Be3 Rh5 49. Bf2 Kg7 1/2-1/2

[Event "Olympiad Women 2024"]
[Site "Budapest HUN"]
[Date "2024.09.15"]
[Round "5.63"]
[Board "1"]
[White "Vilhete, Vania Fausto Da T."]
[Black "Acham, Meritza"]
[Result "1-0"]
[WhiteElo "1877"]
[BlackElo "1667"]
[PlyCount "119"]
[EventDate "2024.09.11"]
[WhiteTeam "Mozambique"]
[BlackTeam "Mauritius"]
[WhiteTeamCountry "MOZ"]
[BlackTeamCountry "MRI"]

1. d4 Nf6 2. c4 e6 3. Nf3 d5 4. e3 Be7 5. Bd3 b6 6. O-O O-O 7. Nbd2 Bb7 8. b3 Nbd7 9. Bb2 Ne4 10. cxd5 $146 ({RR} 10. Rc1 f5 11. Ne5 Nxe5 12. dxe5 c5 13. Rc2 Qe8 14. f3 Nxd2 15. Rxd2 Bg5 16. Qe2 f4 17. exf4 Bxf4 18. Rdd1 d4 19. g3 Be3+ 20. Kg2 Qh5 21. Bc1 Qxe5 22. Bxe3 dxe3 23. Rde1 Rf6 24. Qxe3 Qxe3 {0-1 Rosell,P-From,S (2230) DEN-ch69 Masters A 1978 (1)}) 10... exd5 11. Rc1 Bf6 12. Qc2 Nxd2 13. Nxd2 c5 14. Bxh7+ Kh8 15. Bf5 Rc8 16. Qd1 g6 17. Bg4 Kg7 18. Nf3 Rc7 19. Qd2 Re8 20. Rfd1 Nf8 21. dxc5 bxc5 22. Ba3 Re4 23. Bh3 Qd6 24. Qa5 Qb6 25. Qd2 Ne6 26. Bb2 d4 27. exd4 Nxd4 28. Nxd4 Bxd4 29. Bxd4+ Rxd4 30. Qc3 Re7 31. Rd2 Qd6 32. f3 Kg8 33. Rcd1 Rxd2 34. Qxd2 Qe5 35. Kf2 Qc7 36. Qd8+ Qxd8 37. Rxd8+ Kg7 38. Rd7 Rxd7 39. Bxd7 Kf6 40. Ke3 Ke7 41. Bb5 f6 42. h4 Kd6 43. Kf4 Bc8 44. Bd3 Ke7 45. Bxg6 Kf8 46. Bf5 Ba6 47. Be6 Kg7 48. g4 Bd3 49. a4 a5 50. Bf5 Ba6 51. Ke3 Bb7 52. f4 Bd5 53. Bc2 Be6 54. f5 Bf7 55. Kf4 Bd5 56. g5 c4 57. bxc4 Bxc4 58. Ke4 Be2 59. Kd4 Ba6 60. Kc5 1-0

[Event "Olympiad Women 2024"]
[Site "Budapest HUN"]
[Date "2024.09.15"]
[Round "5.63"]
[Board "3"]
[White "Castro, Neusa Aridas De"]
[Black "Beekhy, Aamirah"]
[Result "1-0"]
[WhiteElo "1684"]
[BlackElo "1600"]
[PlyCount "157"]
[EventDate "2024.09.11"]
[WhiteTeam "Mozambique"]
[BlackTeam "Mauritius"]
[WhiteTeamCountry "MOZ"]
[BlackTeamCountry "MRI"]

1. e4 c5 2. Nf3 d6 3. c3 Nf6 4. Bd3 a6 ({RR} 4... Bd7 5. Bc2 Bc6 6. Qe2 e5 7. O-O a6 8. Rd1 Nbd7 9. d4 cxd4 10. cxd4 Be7 11. Nc3 exd4 12. Nxd4 O-O 13. Nxc6 bxc6 14. Bf4 Qb6 15. Rac1 Ne5 16. Bb3 Rfe8 17. h3 Bf8 18. Be3 Qa5 19. Bd4 {0-1 Ghaem Maghami,E (2581)-Landa,K (2554) ACP Blitz Playchess.com INT 2006 (9)}) 5. Bc2 Nc6 ({RR} 5... e5 6. h3 Nc6 7. O-O Be7 8. d4 cxd4 9. cxd4 O-O 10. Nc3 Re8 11. d5 Nb8 12. Be3 Nbd7 13. Nd2 b5 14. a4 b4 15. Na2 a5 16. Nb3 Ba6 17. Bd3 Qc7 18. f3 Bxd3 19. Qxd3 Nh5 20. Rfc1 {1-0 Seletsky,G (2223)-Tang,Z (2212) Titled Tue 6th Aug Late 2024 (9)}) 6. d3 $146 ({RR} 6. h3 Qc7 7. Qe2 g6 8. O-O Bg7 9. d4 cxd4 10. cxd4 Nd7 11. Be3 O-O 12. Nc3 e6 13. Rfd1 Ne7 14. Bb3 b5 15. Rac1 Qb8 16. Nd2 Bb7 17. a3 Kh8 18. Nf3 Nc6 19. d5 Na5 20. Ba2 exd5 {1-0 Rellstab,L (2186)-Ihde,B GER-ch Seniors 13th 2001 (1)}) ({RR} 6. h3 e6 7. O-O Be7 8. Re1 Qc7 9. d4 cxd4 10. cxd4 O-O 11. Nc3 Re8 12. Be3 h6 13. Rc1 Bf8 14. d5 Ne7 15. e5 dxe5 16. d6 Qa5 17. dxe7 Rxe7 18. Nd2 Bd7 19. Nc4 Qc7 20. Nb6 Rd8 {1-0 Piscopo,P (2407)-Gomez Vargas,P (1808) Seville op 38th 2013 (1)}) 6... e6 7. Bg5 Be7 8. O-O O-O 9. Re1 Qb6 10. b3 Qc7 11. Nbd2 b5 12. Rc1 Bb7 13. Nf1 Rac8 14. Bb1 Qd7 15. Ng3 Rfd8 16. Qe2 Qe8 17. Red1 h6 18. Be3 Ba8 19. h3 Kh8 20. Nh2 Ne5 21. Nh5 Qf8 22. Nxf6 Bxf6 23. f4 Ng6 24. Qg4 Bc6 25. f5 exf5 26. Qxf5 Bd7 27. Qh5 Re8 28. Rf1 Re5 29. Qf3 Rce8 30. Bxh6 Bg5 31. Bxg5 Rxg5 32. Kh1 Ne5 33. Qf4 Rg6 34. Qe3 Rh6 35. d4 cxd4 36. cxd4 Ng6 37. Qg3 Qe7 38. Rf2 Rf8 39. Rcf1 Kg8 40. e5 dxe5 41. Bxg6 Rxg6 42. Qxe5 Qxe5 43. dxe5 Re6 44. Re1 f6 45. Rfe2 Rfe8 46. Nf3 Bc6 47. Nd4 Bd5 48. Nxe6 Rxe6 49. exf6 Rxf6 50. Re5 Bb7 51. Kg1 Rf7 52. Re8+ Rf8 53. R8e6 Rf7 54. Rb6 Rd7 55. Kf2 Kf7 56. Rbe6 Bc8 57. R6e3 Bb7 58. h4 Bc6 59. R1e2 Bb7 60. g4 g6 61. Kg3 Bc8 62. Rf2+ Kg7 63. g5 Rc7 64. Rfe2 Kf7 65. b4 Bb7 66. a3 Bd5 67. Re5 Bc4 68. Rf2+ Kg7 69. Rc5 Rd7 70. Rf3 Be2 71. Re3 Bc4 72. Rce5 Kf7 73. Re8 Ra7 74. Kf4 Bd5 75. Rc8 Bc4 76. Rc6 Bd5 77. Rf6+ Kg7 78. Rd3 Bc4 79. Rdd6 1-0

[Event "Olympiad Women 2024"]
[Site "Budapest HUN"]
[Date "2024.09.15"]
[Round "5.64"]
[Board "1"]
[White "Nomcebo, Sibisi"]
[Black "Karelina, Polina"]
[Result "0-1"]
[WhiteElo "1570"]
[BlackElo "1898"]
[PlyCount "58"]
[EventDate "2024.09.11"]
[WhiteTeam "Eswatini"]
[BlackTeam "Bahamas"]
[BlackTeamCountry "BAH"]

1. d4 Nf6 2. c4 g6 3. Nf3 Bg7 4. Nc3 O-O 5. g3 d6 6. Bg2 Nc6 7. O-O e5 8. d5 Ne7 9. e4 h6 10. Be3 ({RR} 10. Ne1 Nd7 11. Nd3 f5 12. Rb1 Nf6 13. f4 Nxe4 14. Nxe4 fxe4 15. Bxe4 Bh3 16. Bg2 Bxg2 17. Kxg2 c6 18. dxc6 bxc6 19. Re1 Nf5 20. Qg4 Qa5 21. a3 exf4 22. Bxf4 g5 23. Be3 Qa4 24. Rbc1 Qb3 {0-1 Fridman,D (2572)-Schebler,G (2484) BL2-West 0203 2002 (2.1)}) 10... Ng4 ({RR} 10... Nh7 11. Qd2 g5 12. h4 Ng6 13. hxg5 Nxg5 14. Nxg5 hxg5 15. Bxg5 f6 16. Bh6 Kh7 17. Bxg7 Kxg7 18. f3 Rh8 19. Kf2 c6 20. Rh1 Qb6+ 21. Ke2 Bd7 22. a4 Rh7 23. Rxh7+ Kxh7 24. Rh1+ Kg7 25. Na2 {1-0 Marksim Karki Abirami,S (1489)-Robson,C (1728) Swiss Queens Wed #14 2024 (10.21)}) 11. Bc1 $146 ({RR} 11. Bd2 f5 12. exf5 gxf5 13. h3 Nf6 14. Qc2 Qe8 15. b4 Qh5 16. h4 f4 17. Ne4 Bf5 18. Ne1 Qg6 19. Nxf6+ Bxf6 20. Qb3 e4 21. Rc1 f3 22. Bxf3 exf3 23. Nxf3 Bg4 24. Nh2 Bh3 25. Rfe1 Nf5 {0-1 Alves,S (1513)-Brassoloto,A (1761) Sao Jose dos Campos op 2012 (6)}) 11... f5 12. h3 Nf6 13. Qc2 Nh7 14. Nh4 f4 15. Ne2 g5 16. Nf3 h5 17. Nh2 Ng6 18. Bd2 g4 19. hxg4 hxg4 20. f3 fxg3 21. Nxg4 Bxg4 22. fxg4 Qh4 23. Rf5 Qh2+ 24. Kf1 Nh4 25. Nxg3 Qxg2+ 26. Ke1 Qxg3+ 27. Ke2 Rxf5 28. gxf5 Qf3+ 29. Ke1 Ng2# 0-1

[Event "Olympiad Women 2024"]
[Site "Budapest HUN"]
[Date "2024.09.15"]
[Round "5.64"]
[Board "2"]
[White "Thomas, Nelissa"]
[Black "Nkwanyane Nolwazi"]
[Result "0-1"]
[WhiteElo "1631"]
[BlackElo "1542"]
[PlyCount "50"]
[EventDate "2024.09.11"]
[WhiteTeam "Bahamas"]
[BlackTeam "Eswatini"]
[WhiteTeamCountry "BAH"]

1. e4 c5 2. Nc3 Nc6 3. Bc4 Nf6 4. d3 g6 ({RR} 4... h6 5. f4 d6 6. Nf3 e6 7. Bb5 Be7 8. Bxc6+ bxc6 9. e5 Nd7 10. exd6 Bxd6 11. Ne4 Be7 12. O-O O-O 13. Qe2 f5 14. Ned2 Nf6 15. Ne5 Qe8 16. b3 Bd6 17. Bb2 Nd7 18. Nec4 Bc7 19. Rae1 {1-0 Belli,M (2403)-Castillo,C Huacho op 2nd 2004 (1)}) 5. f4 ({RR} 5. Qf3 Nd4 6. Qe2 Nxe2 7. Ncxe2 Bg7 8. e5 Ng4 9. h3 Nxe5 10. Bb3 d6 11. Be3 a5 12. Ba4+ Bd7 13. Bb3 Bc6 14. Rh2 a4 15. Bc4 b5 16. b3 bxc4 17. bxc4 Nxd3+ 18. cxd3 Bxa1 19. Nf3 Bxf3 {0-1 Boucher,E-Blais,D ch-CAN Youth U18 2024 (7.16)}) 5... d6 6. Nge2 $146 ({RR} 6. Be3 Bg7 7. Nf3 O-O 8. h3 Na5 9. Nd2 a6 10. Qf3 Rb8 11. f5 Nxc4 12. Nxc4 b5 13. Nd2 Nd7 14. Nd1 Ne5 15. Qf2 {½-½ Hush,J-Van der Velde,W London Fall op 1995}) ({RR} 6. Nf3 Bg7 7. f5 a6 8. Ng5 Ne5 9. fxg6 hxg6 10. h3 Bd7 11. Bf4 Nxc4 12. dxc4 Nh5 13. Rf1 Nxf4 14. Rxf4 Bf6 15. Qd5 e6 16. Nxf7 Kxf7 17. Qxd6 Qe7 18. O-O-O Qxd6 19. Rxd6 Ke7 20. Rxd7+ Kxd7 {0-1 Arbeleche,I-Granara Barreto,S (2114) URU-chT Uruguay 2001}) 6... e6 7. O-O Bg7 8. Ng3 O-O 9. f5 d5 10. Bb3 d4 11. Nce2 Na5 12. Bg5 Nxb3 13. axb3 h6 14. Bxf6 Bxf6 15. fxg6 fxg6 16. Nf4 Kh7 17. Qe2 Bg5 18. Nh3 Be3+ 19. Kh1 e5 20. Rxf8 Qxf8 21. Rf1 Qe7 22. Nf2 Qh4 23. Qf3 Bf4 24. Kg1 Be6 25. Nfh1 Bg4 0-1

[Event "Olympiad Women 2024"]
[Site "Budapest HUN"]
[Date "2024.09.15"]
[Round "5.64"]
[Board "3"]
[White "Dlamini Sincobile"]
[Black "Johnson, Daijah"]
[Result "1/2-1/2"]
[WhiteElo "1572"]
[BlackElo "1625"]
[PlyCount "80"]
[EventDate "2024.09.11"]
[WhiteTeam "Eswatini"]
[BlackTeam "Bahamas"]
[BlackTeamCountry "BAH"]

1. d4 Nf6 2. Bf4 g6 3. e3 Bg7 4. Nf3 d6 5. Nbd2 O-O 6. h3 Nbd7 7. Bd3 Re8 8. Bh2 e5 9. dxe5 dxe5 10. e4 ({RR} 10. Bc4 h6 11. e4 Nh5 12. O-O Nf4 13. Re1 Qf6 14. Bf1 Rd8 15. c3 Nb6 16. Qc2 Be6 17. b4 a5 18. a3 Bf8 19. Kh1 g5 20. Reb1 Ra7 21. Rd1 Rda8 22. Rab1 axb4 23. axb4 c5 24. Bxf4 Qxf4 {0-1 Mudrak,J (2243)-Kalod,R (2456) CZE-chT2E 1819 2018 (3.1)}) 10... h6 $146 ({RR} 10... Nh5 11. O-O Nc5 12. Bc4 c6 13. b4 Na4 14. c3 Nb6 15. Bb3 Qe7 16. Nc4 Nxc4 17. Bxc4 b5 18. Bb3 a5 19. a4 axb4 20. cxb4 Qxb4 21. Rb1 Qe7 22. axb5 cxb5 23. Bd5 Rb8 24. Qd2 b4 25. Ng5 {0-1 Kylar,M (1870)-Petran,P (2324) SVK-ch Seniors 50 2017 (7)}) ({RR} 10... Nh5 11. O-O Nf4 12. Nc4 Qf6 13. Qd2 Nxh3+ 14. Kh1 Nf4 15. Ncxe5 Nxe5 16. Nxe5 Rxe5 17. Bxf4 Rh5+ 18. Kg1 Qh4 19. f3 Bxb2 20. Rab1 Bd4+ 21. Be3 Qf4 22. Kf2 Rh2 23. Rg1 b6 24. Ke2 Qxe3+ 25. Qxe3 {0-1 Zhang,X (1542)-Sun,F (2124) CHN Team Women 2024 (1.3)}) 11. O-O Nh7 12. c3 c6 13. Qc2 Nc5 14. Bc4 b5 15. Bb3 Nxb3 16. Qxb3 Be6 17. Qc2 Ng5 18. Rad1 Nxf3+ 19. Nxf3 Qc7 20. Nd4 Qb6 21. Nxe6 Rxe6 22. Rd7 Rd8 23. Rfd1 Rxd7 24. Rxd7 c5 25. Qd3 Bf8 26. Qf3 Rf6 27. Qd1 Rd6 28. Rxd6 Qxd6 29. Qxd6 Bxd6 30. Kf1 Kf8 31. Ke2 Ke7 32. b3 Ke6 33. f3 f6 34. Bg1 a6 35. c4 b4 36. Be3 g5 37. g4 a5 38. Kd3 Be7 39. Bf2 Bd6 40. h4 Be7 1/2-1/2

[Event "Olympiad Women 2024"]
[Site "Budapest HUN"]
[Date "2024.09.15"]
[Round "5.64"]
[Board "4"]
[White "Pride, Chika"]
[Black "Nosimilo, Mkhonto"]
[Result "1/2-1/2"]
[WhiteElo "1587"]
[BlackElo "1561"]
[PlyCount "44"]
[EventDate "2024.09.11"]
[WhiteTeam "Bahamas"]
[BlackTeam "Eswatini"]
[WhiteTeamCountry "BAH"]

1. e4 e5 2. Nf3 Nc6 3. Bc4 Bc5 4. d3 Nf6 5. c3 d6 6. O-O O-O 7. Nbd2 a6 8. a4 h6 ({RR} 8... Ba7 9. h3 Be6 10. Re1 Bxc4 11. Nxc4 b5 12. Ne3 d5 13. axb5 axb5 14. Qb3 dxe4 15. dxe4 Bxe3 16. Bxe3 Rxa1 17. Rxa1 Qd3 18. Rd1 Qe2 19. Re1 Qd3 20. Rd1 Qe2 21. Re1 Qd3 22. Rd1 Qe2 {½-½ Vachier Lagrave,M (2777)-Mamedyarov,S (2772) Bundesliga 1920 2019 (9.1)}) 9. Re1 ({RR} 9. h3 Re8 10. b4 Ba7 11. Re1 Be6 12. Bxe6 Rxe6 13. Qc2 Re8 14. Rb1 Qd7 15. b5 axb5 16. axb5 Ne7 17. Nc4 Ng6 18. b6 cxb6 19. Nxb6 Bxb6 20. Rxb6 Ra6 21. Rb4 d5 22. Qb3 Rc6 23. exd5 Qxd5 {½-½ Narayanan,S (2533)-Itgelt,K (2402) 17th Paracin Open A 2024 (6.8)}) 9... Re8 $146 ({RR} 9... Ba7 10. Nf1 Re8 11. b4 Be6 12. Bxe6 Rxe6 13. Be3 Bxe3 14. Nxe3 Qd7 15. Qc2 Rd8 16. Rad1 Ne7 17. c4 c6 18. g3 Ng6 19. a5 Ree8 20. Nf5 Ne7 21. Ne3 Ng6 22. c5 d5 23. Nf5 Qc7 24. Rd2 {1-0 So,W (2771)-Lazavik,D (2523) Chess.com Rapid CGC KO 2022 (1.3)}) ({RR} 9... Kh8 10. Nf1 Be6 11. Ng3 d5 12. exd5 Bxd5 13. Bxd5 Qxd5 14. b4 Ba7 15. c4 Qd6 16. b5 axb5 17. axb5 Nb4 18. Rxa7 Rxa7 19. Nxe5 Nd7 20. Nf5 Qe6 21. Nd4 Qd6 22. Nf5 Qe6 23. Nd4 Qd6 24. Nf5 {½-½ Saranya,J (2071)-Kushagra,M (2283) Gujarat op 1st 2018 (4)}) 10. Nf1 Ng4 11. Re2 Be6 12. Bxe6 Rxe6 13. d4 exd4 14. cxd4 Ba7 15. d5 Rxe4 16. Rxe4 Nxf2 17. Qe2 Nh3+ 18. Kh1 Nf2+ 19. Kg1 Nh3+ 20. Kh1 Nf2+ 21. Kg1 Nh3+ 22. Kh1 Nf2+ 1/2-1/2